An Introduction to Yoga (Record no. 16225)

MARC details
000 -LEADER
fixed length control field 00554nam a2200229 a 4500
020 ## - INTERNATIONAL STANDARD BOOK NUMBER
ISBN 8177558978
082 00 - DEWEY DECIMAL CLASSIFICATION NUMBER
Classification number 294.543
Author Cutter BES
100 ## - MAIN ENTRY--AUTHOR NAME
Author name Besant, Annie
245 ## - TITLE STATEMENT
Title An Introduction to Yoga
260 ## - PUBLICATION, DISTRIBUTION, ETC. (IMPRINT)
Place of publication New Delhi
Name of publisher Cosmo Publications
Year of publication 2005
300 ## - PHYSICAL DESCRIPTION
Number of Pages 141p
500 ## - GENERAL NOTE
General note includes index and biblioraphy
650 ## - SUBJECT ADDED ENTRY--TOPICAL TERM
Topical Term Yoga
942 ## - ADDED ENTRY ELEMENTS (KOHA)
Koha item type Books
700 1# -
-- Besant, Annie
Holdings
Collection code Home library Current library Date acquired Cost, normal purchase price Full call number Accession Number Koha item type
  Henry Martyn Institute Library Henry Martyn Institute Library 04/12/2007 400.00 294.543 BES 021479 Books
                   Copyright © 2026 | Henry Martyn Institute | Hyderabad | TS-500052 | INDIA | Implemented by hmi.edu.in
Hit-Count:

Powered by Koha